Maskenfest

Návrh pozvánky na maškarný bál Spolku priateľov prírody v Bratislave 10.3.1930. Ukážka žiackej práce Grafickej školy v Bratislave z triedy odborného učiteľa F. R. Blažku

Bibliographic Details
Main Author: Missura, Friedrich (Author)
Format: Article
Language:Slovak
Subjects:

MARC

LEADER 00000nab a22000001a 4500
001 vtls010306434
003 SK-MaSNL
005 20260304234157.0
008 110826d19300228xo |r|p|||| |000 b|slo
015 |a SNBRRBVU1918-1938 
038 |a SNKBUCL 
038 |a SNKBUVU 
040 |a SNKBUVU  |b slo  |c SNKBUCL  |e AACR2 
041 0 |a slo 
044 |a xo  |c SK 
080 |a 766  |2 1997 
100 1 |a Missura, Friedrich  |4 aut  |9 1570587 
245 1 0 |a Maskenfest  |c Friedrich Missura 
520 |a Návrh pozvánky na maškarný bál Spolku priateľov prírody v Bratislave 10.3.1930. Ukážka žiackej práce Grafickej školy v Bratislave z triedy odborného učiteľa F. R. Blažku 
610 2 7 |a Spolok priateľov prírody (Bratislava, Slovensko)  |2 MM  |9 1570588 
648 7 |a 1930  |2 snkbucl  |9 288294 
650 0 7 |a maškarné plesy  |2 snkbucl  |9 3310 
650 0 7 |a pozvánky  |2 MM  |9 353514 
650 0 7 |a grafika  |2 snkbucl  |9 814 
655 7 |a reprodukcie výtvarných diel  |2 MM  |9 310790 
773 0 |t Typografia-Slovenské číslo  |g Roč. 37, č. 2 (28.2.1930), s. 9 
852 |a SNK  |b KIS3GCP 
910 |a snkrbvumm 
958 |a VY 
999 |c 3202467  |d 3204397